Library Banner

Building and intranet [+CD]: (Record no. 17314)

MARC details
000 -LEADER
fixed length control field 00455nam a2200169Ia 4500
001 - CONTROL NUMBER
control field 16875
008 - FIXED-LENGTH DATA ELEMENTS--GENERAL INFORMATION
fixed length control field 140404s9999 xx 000 0 und d
020 ## - INTERNATIONAL STANDARD BOOK NUMBER
International Standard Book Number 1-57521-071-1
040 ## - CATALOGING SOURCE
Transcribing agency PK-LaUMT
082 ## - DEWEY DECIMAL CLASSIFICATION NUMBER
Classification number 004.68
Item number EVA-B
100 ## - MAIN ENTRY--PERSONAL NAME
Personal name Tim Evans
245 ## - TITLE STATEMENT
Title Building and intranet [+CD]:
Remainder of title a hands-on guide to setting up an internal web.
Statement of responsibility, etc Tim Evans
260 ## - PUBLICATION, DISTRIBUTION, ETC. (IMPRINT)
Place of publication, distribution, etc Indianapolis,Indiana:
Name of publisher, distributor, etc SAMS,
Date of publication, distribution, etc 1996
300 ## - PHYSICAL DESCRIPTION
Extent 684 p.
546 ## - LANGUAGE NOTE
Language note EN
942 ## - ADDED ENTRY ELEMENTS (KOHA)
Koha item type Books
Holdings
Withdrawn status Lost status Source of classification or shelving scheme Damaged status Not for loan Home library Current library Date acquired Total Checkouts Full call number Barcode Date last seen Price effective from Koha item type
    Dewey Decimal Classification     UMT Main Campus UMT Main Campus 2014-04-04   CS_ARC 004.68 EVA-B 19601 2014-04-22 2014-04-22 Books